000 00299nam a22001337a 4500
008 170710b xxu||||| |||| 00| 0 eng d
020 _a9781562613815
041 _aeng
080 _a030
100 _a23
101 _aENC
245 _aENCYCLOPEDIA OF EXTREMELY WEIRD
_cLOVETT,S
942 _2udc
_cBK
999 _c20183
_d20183